| 000 | 00706nam a22002057a 4500 | ||
|---|---|---|---|
| 999 |
_c19609 _d19609 |
||
| 003 | AR-CdUCM | ||
| 008 | 190518b ||||| |||| 00| 0 spa d | ||
| 040 |
_aMUNICIPALIDAD PROVINCIAL DEL CUSCO _cBIBLIOTECA MUNICIPAL DEL CUSCO |
||
| 082 |
_a320 / _bL35 |
||
| 245 | _a¿Que significa hacer política? | ||
| 260 |
_aLima : _bDESCO, _c1982. |
||
| 300 |
_a251 paginas ; _c21 cm. |
||
| 505 | _aContenido :¿Que significa hacer política? --Socialismo y política en América Latina --Evolución Historia de la izquierda latina ... | ||
| 650 |
_aSociedad _953 |
||
| 650 |
_aPolítica _9291 |
||
| 650 |
_aMoral _94056 |
||
| 700 |
_aLechner, Norbert _93419 |
||
| 942 |
_2ddc _cLIBROS |
||
| 945 |
_arjall _d2019-05-18 |
||